RF power tranisitor manual (Record no. 183347)

000 -LEADER
fixed length control field 01014 a2200181 4500
003 - CONTROL NUMBER IDENTIFIER
control field Nust
005 - DATE AND TIME OF LATEST TRANSACTION
control field 20170207153303.0
040 ## - CATALOGING SOURCE
Transcribing agency Nust
082 ## - DEWEY DECIMAL CLASSIFICATION NUMBER
Classification number 621.38412
100 ## - MAIN ENTRY--PERSONAL NAME
Personal name RCA
245 ## - TITLE STATEMENT
Title RF power tranisitor manual
Statement of responsibility, etc. RCA
260 ## - PUBLICATION, DISTRIBUTION, ETC.
Place of publication, distribution, etc. U.S.A
Name of publisher, distributor, etc. Solid state division
Date of publication, distribution, etc. 1960
300 ## - PHYSICAL DESCRIPTION
Extent 176 p
Other physical details illus
Dimensions 24 cm
505 ## - FORMATTED CONTENTS NOTE
Formatted contents note General Consideration For Power Transistors (Page-3), Special Features Of High Frequency Power Circuits (Page-19), Design Consideration For High Frequency Power Circuits (Page-33), Design Techniques For RF Power Amplifiers (Page-42), Single Sideband Systems (Page-68), RF Amplifiers For Military Communications Systems (Page-85), Mobile And Marine Radio (Page-96), Commercial Aircraft Radio (Page-103), Community Antenna Television (Page-112), Microwave Power Amplifiers (Page-127), Microwave Power Oscillators (Page-151), Microwave Frequency Multipliers (Page-158), Microwave Systems (Page-171)
538 ## - SYSTEM DETAILS NOTE
System details note Almirah No.39 Shelf No.5
600 ## - SUBJECT ADDED ENTRY--PERSONAL NAME
Personal name RCA
650 ## - SUBJECT ADDED ENTRY--TOPICAL TERM
Topical term or geographic name entry element RF power tranisitor manual
942 ## - ADDED ENTRY ELEMENTS (KOHA)
Source of classification or shelving scheme
Koha item type Book
Holdings
Withdrawn status Lost status Source of classification or shelving scheme Damaged status Not for loan Permanent Location Current Location Shelving location Date acquired Full call number Barcode Date last seen Price effective from Koha item type Public note
          Military College of Signals (MCS) Military College of Signals (MCS) General Stacks 12/12/2016 621.38412,RCA MCS7339 12/08/2016 12/12/2016 Book Almirah No.38, Shelf No.5
© 2023 Central Library, National University of Sciences and Technology. All Rights Reserved.